| 000 | 00643nam a2200241Ia 4500 | ||
|---|---|---|---|
| 001 | 6143 | ||
| 005 | 20240113233904.0 | ||
| 007 | ta | ||
| 008 | 050624s1968 a g b000 u eng u | ||
| 020 | _cPB | ||
| 040 | _aCotton College Assam | ||
| 041 | _aeng | ||
| 082 |
_a822.9109 _bM 487 Sh |
||
| 100 | _aMeisel, Martin . | ||
| 245 | 0 |
_aShaw and the Nineteenth Century Theater / _cMartin Meisel. _hTextual Documents |
|
| 260 |
_aNew Jersey : _bPrinceton , _c1968. |
||
| 300 |
_axii, 477p. : _bill. ; _c20cm . |
||
| 504 | _aIndex | ||
| 653 | _aEnglish-Drama-Criticism | ||
| 942 |
_2ddc _cBK |
||
| 999 |
_c6130 _d6130 |
||